Quizzes
Events
Quiz Creation
Community
Videos
Private Events
Remove Ads
Sign In
Join for FREE
Feedback
Dark Mode
Quiz Categories
Sports
Geography
Music
Movies
Television
Just For Fun
Miscellaneous
History
Literature
Language
Science
Gaming
Entertainment
Religion
Holiday
For Kids
Quiz Lab
Recent
Popular Today
Quiz Kudos Today
Editor Picks
Curator Picks
Quizzes by...
Day
Popularity
Type
Ratings
Length
Year
Community
Subscriptions
Recent Discussions
Orange Saloon
Badges
Playlists
Quests
Create
Leaderboards
Showdown
Live 5
Trivia Bingo
Activity
Puzzle Library
Sporcle Events
Private Events
Virtual Trivia
Globe League
Become a Host
Pub Owners
SporcleCon
Opinionation
Our Games
Videos
Blog
Mobile Apps
Partnerships
Remove Ads and Go Orange
Feedback
Literature
Harry Potter
A Song of Ice and Fire
The Hunger Games
Literary Character
Shakespeare
Book
Author
Novel
Poem
Young Adult
Children's Books
Play
Lord of the Rings
Literature
Harry Potter
A Song of Ice and Fire
The Hunger Games
Literary Character
Shakespeare
Book
Author
Novel
Poem
Young Adult
Children's Books
Play
Lord of the Rings
Random Quiz
Search Sporcle
×
Quiz Lab
Quiz Lab
Literature
Harry Potter
Type in answers that appear in a list
Type in answers that appear in a list
Classic
Best Score? Go Orange.
Alphabetical Harry Potter Spells Stats
Can you name the Alphabetical Harry Potter Spells?
By
Laura4734
3m
18 Questions
436 Plays
436 Plays
436 Plays
Comments
Comments
Give Quiz Kudos
Give Quiz Kudos
-
- Ratings
hide this ad
Forced Order
Answers have to be entered in order
Answers have to be entered in order
Replay
Link that replays current quiz
Next Quiz
Link to next quiz in quiz playlist
You Got
0%
They Got
Avg Score
54%
Avg Friend Score
Upgrade to see
Score Distribution
Jump to the score distribution portion of the page
Score
0/18
Timer
03:00
0
Plays Today
Hint...
Spell/Jinx/Hex...
% Correct
A-
Killing curse
Avada Kedavra
96.3%
E-
Creates a Patronus
Expecto Patronum
91.3%
R-
Repairs damaged objects
Reparo
82.6%
N-
Counter to 'Lumos'
Nox
79.6%
O-
Erases Memories
Obliviate
79.1%
S-
Stuns opponent
Stupefy
76.8%
C-
Confuses opponent
Confundo
75.9%
P-
Shield Charm
Protego
75%
L-
Allows the caster to delve into the mind of the victim
Legilimens
55%
Hint...
Spell/Jinx/Hex...
% Correct
M-
Conjures the Dark Mark
Morsmordre
54.8%
Q-
Counter to 'Sonorus'
Quietus
53.2%
I-
Makes an object repel water
Impervius
49.3%
D-
Enlarges opponents teeth
Densaugeo
30%
T-
Forces opponents legs to dance/
jerk
Tarantallegra
29.4%
W-
Unsticks an object
Waddiwasi
21.3%
F-
Creates Bandages
Ferula
19.5%
H-
Lockhart's werewolf 'cure'
Homorphus
8.3%
B-
Provokes small explosions
1.1%
Quiz Playlist
Details
Report
Send in Message
Add To Playlist
Classic:
Type in answers that appear in a list
Forced Order:
Answers have to be entered in order
Last Updated: Feb 16, 2017
Quiz Scoreboard
CHALLENGE
Sign Up to Join the Scoreboard
Show All
Scores
Hide
Comments
May contain spoilers
Recently Published
An Introduction to Baseball
by treessimontrees
Sports
5m
Movies - When Are They Set?
by FPL_Elf
Movies
5m
Popular People in 1961
by mucciniale
History
6m
More to Explore
Quiz From the Vault
Featured Blog Post
Where Did the Easter Bunny Come From?
hide this ad
You Might Also Like...
Tags
Harry Potter Quiz
Alphabetical
Hex
Spelling
Today's Top Quizzes in Literature
Browse Literature
hide this ad
Today's Top Quizzes in Harry Potter
Browse Harry Potter
Top Contributed Quizzes in Literature
1
Sneaky Slytherin Logic Puzzle
2
One Thing in Common: Literature
3
Get The Picture: Black or White Literature
4
One Thing in Common: Literature 3
5
Harry Potter Neighbourly Logic Puzzle #3
6
One Thing in Common: Literature II
7
One Thing in Common: Books
8
Harry Potter Neighbourly Logic Puzzle #5
9
Weasley Family Reunion: Logic Puzzle
10
7 to 1: Literature by Subcategory
Explore More
Trending Topics
Marvel
NBA
Kpop
Anime
Crossword
Disney
Harry Potter
The Office
Song
Soccer
Country
WWE
NFL
Pokémon
Puzzle
hide this ad
More By:
Laura4734
Quiz
Plays
Rating
Category
Featured
Created
BBC Sherlock Characters
42,487
4.32
Television
Feb 14, 2012
Harry Potter Inquisitorial Squad
10,483
4.42
Literature
Aug 8, 2010
StarKid Starship - Guess the lyrics I
3,199
4.00
Music
Jun 18, 2011
Tricky Harry Potter Quiz
2,869
4.22
Literature
Feb 20, 2011
StarKid Starship - Guess the lyrics III
2,696
4.40
Music
Jun 19, 2011
Go to Creator's Profile
Score Distribution
Quiz Creator Spotlight
Laura4734
Follow
Send a Message
Quizzes Created
-
Created Quiz Play Count
-
More By This Creator
Popular Quizzes Today
1
Find the Countries of Europe - No Outlines Minefield
2
Find the US States - No Outlines Minefield
3
The Countries of the World
4
Popular People in 1961
5
Find the US States
6
US States
7
1-10 Letter E Words III
8
Risky Map Clicking: Biggest States A-Z
More Literature Quizzes
Search the Book Stack: YA Protagonists
Published
Trending Quizzes
Risky Map Clicking: Least Populous States A-Z
1-10 Letter F Words
1-10 Letter G Words
Not Quite an Element Typing Challenge
One Thing in Common: United Kingdom
Recently Updated
Leaping Animals
pecheneg
Reality TV Shows (A-Z)
bhenderson79
Rickey Henderson's Hall of Fame Teammates
pecheneg
Champions League XIs: Arsenal
pecheneg
Quick Pick: Celebrities in WWE's Hall of Fame
aduchscher
A-Z Keypad Blitz II
pecheneg
Multiple Oscar Actors
pecheneg
Mystery Phrase Blitz: Oscar 'Best Actors'
pecheneg
F. Scott Fitzgerald Novels
LTH
Pick 3 Villains
ddd62291
Trending Topics
Disney
Kpop
Marvel
Harry Potter
Crossword
Anime
NBA
Country
NFL
WWE
Puzzle
Song
Soccer
The Office
Pokémon
Your Account Isn't Verified!
In order to create a playlist on Sporcle, you need to verify the email address you used during registration. Go to your
Sporcle Settings
to finish the process.
Report this User
Report this user for behavior that violates our
Community Guidelines
.
Details:
Send Report
Go to the Sporcle.com Mobile Site →
Comments